No relief on equine rates (Record no. 65409)
[ view plain ]
| 000 -LEADER | |
|---|---|
| fixed length control field | 00832cam a2200193 4500 |
| 001 - CONTROL NUMBER | |
| control field | WB3647-27 |
| 008 - FIXED-LENGTH DATA ELEMENTS--GENERAL INFORMATION | |
| fixed length control field | 000000n2000 000 0 eng u |
| 035 ## - SYSTEM CONTROL NUMBER | |
| System control number | (Sirsi) u109561 |
| 245 ## - TITLE STATEMENT | |
| Title | No relief on equine rates |
| 260 ## - PUBLICATION, DISTRIBUTION, ETC. | |
| Date of publication, distribution, etc. | 2000 |
| 490 ## - SERIES STATEMENT | |
| Series statement | Western Morning News |
| Volume/sequential designation | 22 November 2000, 6(1) |
| 520 ## - SUMMARY, ETC. | |
| Summary, etc. | Describes government plans to exempt equestrian projects from business rates and how this will affect farmers hoping to diversify by developing such projects. The proposal only relates to start-up enterprises on working farms for a period of five years. Information from the DETR consultation paper, "Rate Relief for Horse Enterprises on Farms". |
| 590 ## - LOCAL NOTE (RLIN) | |
| Local note | WB |
| 650 ## - SUBJECT ADDED ENTRY--TOPICAL TERM | |
| Topical term or geographic name entry element | RATE RELIEF |
| 650 ## - SUBJECT ADDED ENTRY--TOPICAL TERM | |
| Topical term or geographic name entry element | FARM DIVERSIFICATION |
| 650 ## - SUBJECT ADDED ENTRY--TOPICAL TERM | |
| Topical term or geographic name entry element | EQUESTRIAN ENTERPRISES |
| 690 ## - LOCAL SUBJECT ADDED ENTRY--TOPICAL TERM (OCLC, RLIN) | |
| Topical term or geographic name as entry element | RATING AND LOCAL TAXATION |
| 942 ## - ADDED ENTRY ELEMENTS (KOHA) | |
| Suppress in OPAC | 0 |
| Withdrawn status | Lost status | Source of classification or shelving scheme | Damaged status | Not for loan | Home library | Current library | Shelving location | Date acquired | Total Checkouts | Full call number | Barcode | Date last seen | Copy number | Price effective from | Koha item type |
|---|---|---|---|---|---|---|---|---|---|---|---|---|---|---|---|
| Dewey Decimal Classification | London | London | News article | 29/11/2000 | WB3647-27 | 109561-1001 | 06/08/2019 | 1 | 06/08/2019 | News article |